Plus grandes villes du monde par lettre - B - Statistiques

Statistiques générales
  • Ce quiz a été pris 636 fois
  • Le résultat moyen est 15 sur 20
Statistiques - réponses
Pays Population Ville % Correct
Argentine 15.095 Mio Buenos Aires
98%
Thaïlande 18.928 Mio Bangkok
96%
Allemagne 4.469 Mio Berlin
96%
Belgique 2.968 Mio Bruxelles
96%
Espagne 5.407 Mio Barcelone
94%
Colombie 10.985 Mio Bogotá
94%
Brésil 4.561 Mio Brasília
92%
Hongrie 3.304 Mio Budapest
92%
Irak 13.034 Mio Bagdad
90%
Liban 2.917 Mio Beyrouth
87%
Mali 4.348 Mio Bamako
86%
Royaume-Uni 3.369 Mio Birmingham
83%
États-Unis 8.288 Mio Boston
83%
Azerbaïdjan 2.836 Mio Bakou
78%
Corée du Sud 8.050 Mio Busan
51%
Inde 13.181 Mio Bangalore
48%
Brésil 5.961 Mio Belo Horizonte
47%
Indonésie 8.768 Mio Bandung
30%
Irak 3.803 Mio Bassorah
20%
Turquie 2.994 Mio Bursa
19%
Aucun quiz correspondant
Distribution des résultats
% des personnes avec chaque résultat
Percentile par nombre de réponses
Votre historique - résultats
Vous n’avez pas pris ce quiz